Statistics for EURO 2016 qualified teams

Click here to take the quiz!

General Stats

  • This quiz has been taken 54 times
  • The average score is 21 of 24

Answer Stats

Answer % Correct
France
98%
Sweden
96%
Poland
96%
Spain
96%
Switzerland
93%
Romania
93%
Germany
93%
England
93%
Republic of Ireland
93%
Portugal
93%
Italy
91%
Belgium
91%
Croatia
89%
Austria
89%
Ukraine
87%
Russia
87%
Turkey
84%
Slovakia
84%
Northern Ireland
84%
Wales
82%
Iceland
82%
Hungary
78%
Czech Republic
76%
Albania
76%

Score Distribution

Percentile by Number Answered

Percent of People with Each Score

Your Score History

You have not taken this quiz